| 000 | 00716nam a22002057a 4500 | ||
|---|---|---|---|
| 005 | 20230920062554.0 | ||
| 008 | 230313b |||||||| |||| 00| 0 eng d | ||
| 020 | _a0-590-45578-8 | ||
| 082 | _aFic. P485 1993 | ||
| 100 |
_aPeterson, John _eauthor |
||
| 245 |
_aThe littles and the terrible tiny kid / _cJohn Peterson; pictures by Roberta Carter Clark; cover illustrations by Jacqueline Rogers |
||
| 260 |
_aNew York: _bScholastic, _cc1993 |
||
| 300 |
_a107p.: _bill. |
||
| 490 | _aLittle apple | ||
| 541 | _e5174 | ||
| 650 | _aLittle family (Fictitious character) - Fiction | ||
| 650 | _aChildren - conduct of life - Fiction | ||
| 700 |
_aClark, Roberta C. _eartist |
||
| 700 |
_aRogers, Jacqueline _eillustrators |
||
| 999 |
_c1763 _d1763 |
||